00683nam a22002177a 450000500170000001000310001702000260004802000230007403500130009703500130011003700150012303700090013808200150014710000220016224500830018425000120026726000450027927000620032430000290038650000500041520210719163422.0 aENG-105698 B-740623 a9780198077305c445.00 a0198077300c445.00 aEN-89231 aB-740623 bDBAD / PUB bGift14a302.1409541 aPandey, Gyanendra1 aThe construction of communalism in colonial North India /cby Gyanendra Pandey a3rd ed. aNew DelhibOxford University Pressc2012 aYMCA Library Building, Jai Singh Road,bNew Delhie110001 axxxiii, 318p.c22cm(pbk) aincludes bibliographical references and index